Odgadnij grę po ekranie wczytywania - Statystyki

Ogólne statystyki
  • Ten quiz został rozwiązany 88 razy
  • Średni wynik to 6 z 8
Statystyki odpowiedzi
Obrazkowy Odpowiedź % Poprawnych
GTA V
97%
Fortnite
94%
League of Legends
92%
Minecraft
79%
Valorant
71%
Roblox
64%
Red Dead Redemption 2
54%
Call of Duty: Warzone
26%
Nie znaleziono quizów pasujących do podanych kryteriów
Rozkład punktacji
Procent ludzi z każdym wynikiem
Percentyl według liczby udzielonych odpowiedzi
Twoja historia wyników
Nie rozwiązałeś tego quizu